000 01935cam a22004937i 4500
999 _c331813
_d331813
001 17331938
003 NUST
005 20180117090032.0
008 120605t20132013gw ab b 100 0 eng d
010 _a 2012941235
020 _a9783642311093 (alk. paper)
020 _a3642311091 (alk. paper)
020 _z9783642311109 (ebk)
020 _z3642311105 (ebk)
035 _a(OCoLC)ocn794708137
040 _aBTCTA
_beng
_cBTCTA
_erda
_dYDXCP
_dBWX
_dOHX
_dUAU
_dAU@
_dCHUNN
_dOCLCQ
_dBDX
_dDLC
042 _alccopycat
050 0 0 _aQC902.8
_b.C552 2013
072 7 _aQC
_2lcco
082 0 4 _a363.738/742
_223
245 0 0 _aClimate change and disaster risk management /
_cWalter Leal Filho, editor.
264 1 _aHeidelberg ;
_aNew York :
_bSpringer,
_c[2013]
264 4 _c©2013
300 _axii, 692 pages :
_billustrations (some color), maps ;
_c25 cm.
336 _atext
_btxt
_2rdacontent
337 _aunmediated
_bn
_2rdamedia
338 _avolume
_bnc
_2rdacarrier
490 1 _aClimate change management,
_x1610-2010
504 _aIncludes bibliographical references.
650 0 _aClimatic changes
_xRisk management
_vCongresses.
_95675
650 0 _aNatural disasters
_xRisk assessment
_vCongresses.
_95676
650 7 _aCLIMATE CHANGE.
_2unbist
_95677
650 7 _aDISASTER PREPAREDNESS.
_2unbist
_95678
650 7 _aEMERGENCY PROCEDURES.
_2unbist
_95679
650 7 _aRISK MANAGEMENT.
_2unbist
_95680
650 7 _aRISK ASSESSMENT.
_2unbist
_91890
700 1 _aLeal Filho, Walter.
_95681
830 0 _aClimate change management (Springer (Firm))
_95682
906 _a7
_bcbc
_ccopycat
_d2
_encip
_f20
_gy-gencatlg
942 _2ddc
_cBK